000 00772nam a2200229 a 4500
005 20250108063742.0
008 181011s2017 mx r 000 0 spa d
020 _a9786074132779
035 _aUPN01000227172
049 _aCG
050 4 _aLB1034
_bC3.3
100 1 _aCarranza Peña, María Guadalupe
_933698
245 1 0 _aConstrucción social de conocimiento :
_bla interacción discursiva en el aula /
_cMaría Guadalupe Carranza Peña.
260 _aMéxico :
_bUPN,
_c2017.
300 _a222 p.
440 0 _aHorizontes educativos
590 _aTambién localizas un ejemplar en el "Area de Reserva"
650 4 _aAnálisis del proceso de interacción en educación
_9270
650 4 _aCOMUNICACION EN EL AULA
_99563
905 _aLibro
999 _c199268
_d199268